000 01793nam a2200457 i 4500
001 39197
003 KOSZ 005
005 20240405063126.0
008 981002s1997 enka g 001 0 pol
020 _a1870027663
040 _aWA N
_cWA N
_dKOSZ 005/RW
041 0 _apol
_aeng
080 _a94(438).083
080 _a314.743
080 _a(093)
245 0 0 _aWybór dokumentów do dziejów polskiego uchodźstwa niepodległościowego 1939-1991 /
_copracowanie i redakcja Andrzej Suchcitz, Ludwik Maik, Wojciech Rojek.
260 _aLondyn :
_bPolskie Towarzystwo Naukowe na Obczyźnie,
_c1997.
300 _aXXXI, [1], 809 stron, [16] stron tablic :
_bfotografie ;
_c22 cm.
336 _aTekst
_btxt
_2rdacontent
337 _aBez urządzenia pośredniczącego
_bn
_2rdamedia
338 _aWolumin
_bnc
_2rdacarrier
380 _aKsiążki.
380 _aPublikacje naukowe
490 1 _aMateriały do Dziejów Polskiego Uchodźstwa Niepodległościowego ;
_vt. 7.
504 _aIndeks.
658 _aHistoria
658 _aPolityka, politologia, administracja publiczna
648 4 _a1901-2000
651 4 _aPolska
648 4 _a1945-1989
655 4 _aWydawnictwo źródłowe
648 4 _a1939-1945
650 4 _aEmigracja polityczna
700 1 _aMaik, Ludwik
_d(1922- ).
_eRedakcja
700 1 _aSuchcitz, Andrzej
_d(1959- )
_eRedakcja
710 2 _aPolskie Towarzystwo Naukowe na Obczyźnie
_4pbl.
700 1 _aRojek, Wojciech
_d(1954-2015)
_eRedakcja
830 0 _aMateriały do Dziejów Polskiego Uchodźstwa Niepodległościowego ;
_vt. 7.
856 _uhttp://koha.tu.koszalin.pl/cgi-bin/koha/opac-detail.pl?biblionumber=39197
_yKatalog online BPK
942 _2UKD
_cKS
999 _c39197
_d39197